Economics and business review

Guardado en:
Detalles Bibliográficos
Formato: Seriadas
Lenguaje:inglés
Publicado: Poznań Poznań University of Economics 2017
Etiquetas: Agregar Etiqueta
Sin Etiquetas, Sea el primero en etiquetar este registro!

MARC

LEADER 00000nas2a2200000 4500
001 0234816
005 20220301131151.5
022 |a 2392-1641 
041 0 |a eng 
044 |a PL 
245 1 0 |a Economics and business review 
264 1 |a Poznań  |b Poznań University of Economics  |c 2017 
773 0 |w eu_un_cat*0201742 
774 0 |w eu_un_cat*0282217